US States in Chinese - Statistics

General Stats
  • This quiz has been taken 15 times
  • The average score is 36 of 47
Answer Stats
Hint Answer % Correct
Alasijia Alaska
100%
Jialifuniya California
100%
Kentaji Kentucky
100%
Mixixibi Mississippi
100%
Akense Arkansas
93%
Daketa Dakotas (N & S)
93%
Delawa Delaware
93%
Yindianna Indiana
93%
Kansasi Kansas
93%
Luyisianna Louisiana
93%
Malilan Maryland
93%
Mixigen Michigan
93%
Mingnisuda Minnesota
93%
Misuli Missouri
93%
Neihuada Nevada
93%
Aokelahema Oklahoma
93%
Alabama Alabama
86%
Foluolida Florida
86%
Yilinuo Illinois
86%
Niuyue New York
86%
Youta Utah
86%
Kaluolaina Carolinas (N & S)
79%
Aidahe Idaho
79%
Mengtana Montana
79%
Neibulasijia Nebraska
79%
Tiannaxi Tennessee
79%
Weijiniya Virginia (& West Virginia)
79%
Weisikangxin Wisconsin
79%
Keluoladuo Colorado
71%
Qiaozhiya Georgia
71%
Mianyin Maine
71%
Masazhesai Massachusetts
71%
Huashengdun Washington
71%
Huaieming Wyoming
71%
Xiaweiyi Hawaii
64%
Bingxifaniya Pennsylvania
64%
Dekesasi Texas
64%
Kangnaidike Connecticut
57%
Aihehua Iowa
57%
Niuzexi New Jersey
57%
Ehaie Ohio
57%
Aolegang Oregon
57%
Fomengte Vermont
57%
Yalisangna Arizona
50%
Xinmoxige New Mexico
50%
Niuhanbuxia NewHampshire
43%
Luodedao Rhode Island
43%
No matching quizzes found
Score Distribution
Percent of People with Each Score
Percentile by Number Answered
Your Score History
You have not taken this quiz